Vyslov, čítaj- pracovné listy : pre prípravný a prvý ročník základných škôl pre žiakov s chybami a poruchami reči : pre prípravný a prvý ročník základných škôl so špeciálnymi triedami pre žiakov s chybami a poruchami reči

Bibliographic Details
Main Author: Sečánska, Renáta (Author)
Other Authors: Suchalová Harichová, Ľubica, 1958- (Illustrator)
Format: Book
Language:Slovak
PhysicalDescription:111 l. fareb. ilustr. 30 cm
Published: Bratislava Slovenské pedagogické nakladateľstvo - Mladé letá 2015
ISBN:9788010027941
Edition:8. vyd.
Subjects:

MARC

LEADER 00000cam a2200000 a 4500
001 vtls010692486
003 SK-MaSNL
005 20260301041026.0
008 240318s2015 xo a b 000 0 slo
015 |a SNBA2015/08 
020 |a 9788010027941  |q (brož.) 
035 |a 8EFB7C4D-9385-4A3E-8EF3-5FD3701BA609 
035 |a urn:nbn:sk:snk-amkdbc 
035 |a urn:nbn:sk:snk-am008bwv 
040 |a SNK  |b slo  |c SNK  |e AACR2 
041 0 |a slo 
044 |a xo  |c SK 
072 7 |a 373.2/.3  |x Predškolská a primárna výchova a vzdelávanie  |2 konspekt 
072 7 |a 376  |x Výchova a vzdelávanie zvláštnych skupín osôb  |2 konspekt 
080 |a 37.016:028-028.31  |2 2001 
080 |a 316.344.6-056.264-053.2  |2 2001 
080 |a 373.2  |2 2001 
080 |a 373.3  |2 2001 
080 |a 376.1-056.264  |2 2001 
080 |a (075.2)  |2 2001 
080 |a (076.1)  |2 2001 
080 |a 81'355  |2 2001 
100 1 |a Sečánska, Renáta  |4 aut  |9 336611 
245 1 0 |a Vyslov, čítaj-  |b pracovné listy : pre prípravný a prvý ročník základných škôl pre žiakov s chybami a poruchami reči : pre prípravný a prvý ročník základných škôl so špeciálnymi triedami pre žiakov s chybami a poruchami reči  |c Renáta Sečánska ; [ilustrácie Ľubica Suchalová] 
250 |a 8. vyd. 
260 |a Bratislava  |b Slovenské pedagogické nakladateľstvo - Mladé letá  |c 2015 
300 |a 111 l.  |b fareb. ilustr.  |c 30 cm 
500 |a Pracovné listy sú slabo lepené. Po odlepení sa s nimi dá pracovať ako s voľnými listami 
650 0 7 |a čítanie  |2 SNKPH  |9 1654 
650 0 7 |a poruchy reči u detí  |2 SNKPH  |9 1090 
650 0 7 |a výslovnosť  |2 SNKPH  |9 13487 
650 0 7 |a základné vzdelávanie  |2 SNKPH  |9 69527 
650 0 7 |a Reading  |2 SNKPHeng  |9 276976 
650 0 7 |a Speech disorders in children  |2 SNKPHeng  |9 336612 
650 0 7 |a Pronunciation  |2 SNKPHeng  |9 310269 
650 0 7 |a Primary education  |2 SNKPHeng  |9 342127 
650 0 7 |a Speech therapy  |2 SNKPHeng  |9 267350 
650 0 7 |a logopédia  |2 SNKPH  |9 921 
650 0 7 |a Elementary school education  |2 SNKPHeng  |9 319966 
650 0 7 |a primárne vzdelávanie  |2 SNKPH  |9 182208 
655 7 |a učebnice špeciálnych základných škôl  |2 SNKPH  |9 70204 
655 7 |a pracovné listy  |2 SNKPH  |9 70565 
655 7 |a Textbooks (elementary)  |2 SNKPHeng  |9 276977 
655 7 |a Activity books  |2 SNKPHeng  |9 302885 
700 1 |a Suchalová Harichová, Ľubica,  |d 1958-  |4 ill  |9 239876 
852 |a Štátna vedecká knižnica v Banskej Bystrici 
919 |a 978-80-10-02794-1 
999 |c 587397  |d 589327 
952 |a SNK  |b SNK  |y PREZ  |7 0  |p 17A1168819  |o snkSB 88652  |i snk2015/22721  |8 0  |0 0  |1 0  |4 0  |d 2015-07-23  |f 1  |l 0  |r 2025-05-13 00:00:00  |w 2026-02-23 
952 |a SNK  |b SNK  |y VYP  |7 0  |p 17A1168820  |o snkSB 88652 D1  |i snk2015/22722  |8 0  |0 0  |1 0  |4 0  |d 2015-07-23  |l 0  |r 2026-02-23 15:13:41  |w 2026-02-23